MARC details
| 000 -CABECERA |
| campo de control de longitud fija |
02360nam a22003017a 4500 |
| 003 - IDENTIFICADOR DEL NÚMERO DE CONTROL |
| campo de control |
DO-SdBNP |
| 005 - FECHA Y HORA DE LA ÚLTIMA TRANSACCIÓN |
| campo de control |
20250621074010.0 |
| 007 - CAMPO FIJO DE DESCRIPCIÓN FÍSICA--INFORMACIÓN GENERAL |
| campo de control de longitud fija |
ta |
| 008 - DATOS DE LONGITUD FIJA--INFORMACIÓN GENERAL |
| campo de control de longitud fija |
210824e2021 dr ac||er|||| 001 e spa d |
| 020 ## - NÚMERO INTERNACIONAL ESTÁNDAR DEL LIBRO |
| Número Internacional Estándar del Libro |
9789945871494, v.1 |
| 020 ## - NÚMERO INTERNACIONAL ESTÁNDAR DEL LIBRO |
| Número Internacional Estándar del Libro |
9789945895803, v.2 |
| 040 ## - FUENTE DE LA CATALOGACIÓN |
| Centro catalogador/agencia de origen |
DO-SdBNP |
| Lengua de catalogación |
spa |
| Centro/agencia transcriptor |
BNPHU |
| 082 #4 - NÚMERO DE LA CLASIFICACIÓN DECIMAL DEWEY |
| Número de edición |
22 |
| Número de clasificación |
972.93053 |
| Número de documento/Ítem |
A312e |
| 245 03 - MENCIÓN DE TÍTULO |
| Título |
El ajusticiamiento : |
| Resto del título |
expediente del asesinato del ilustre Padre de la Patria Nueva, Generalísimo Doctor Rafael Leónidas Trujillo Molina / |
| Mención de responsabilidad, etc. |
editor Avelino Stanley. |
| 260 ## - PUBLICACIÓN, DISTRIBUCIÓN, ETC. |
| Lugar de publicación, distribución, etc. |
Santo Domingo : |
| Nombre del editor, distribuidor, etc. |
CPEP, |
| -- |
Museo Memorial de la Resistencia Dominicana, |
| Fecha de publicación, distribución, etc. |
2021. |
| 300 ## - DESCRIPCIÓN FÍSICA |
| Extensión |
2 v. : |
| Otras características físicas |
il., retr. ; |
| Dimensiones |
25 cm. |
| 500 ## - NOTA GENERAL |
| Nota general |
Incluye índice onomástico. |
| 505 0# - NOTA DE CONTENIDO CON FORMATO |
| Nota de contenido con formato |
v. 1 -- |
| Título |
Preliminares -- |
| -- |
30 de mayo, memoria contra el olvido / |
| Mención de responsabilidad |
Juan Pablo Uribe-- |
| Título |
El 60 aniversario del ajusticiamiento del tirano / |
| Mención de responsabilidad |
Noris González Mirabal-- |
| Título |
Unas palabras antes de comenzar / |
| Mención de responsabilidad |
Luisa De Peña Díaz-- |
| Título |
Presentación / |
| Mención de responsabilidad |
Franklin Franco-- |
| Título |
Introducción / |
| Mención de responsabilidad |
Francis Pou de García-- |
| Título |
De la transcripción-- |
| -- |
Piezas de convicción -- |
| -- |
Autos y actos de procedimiento criminal -- |
| -- |
Órdenes de prisión preventiva firmadas por el representante del Ministerio Público, Dr. Teodoro Tejeda Díaz-- |
| -- |
Órdenes de prisión preventiva firmadas por el juez de instrución Dr. Wilfredo Mejía Alvarado -- |
| -- |
Providencia calificativa del magistrado juez instructor, actos de notificación, orden de libertad de los descargados, auto de pase al magistrado procurador fiscal, índice del proceso-- |
| -- |
Suplementarios. |
| 505 0# - NOTA DE CONTENIDO CON FORMATO |
| Nota de contenido con formato |
v. 2-- |
| Título |
Preliminares-- |
| -- |
1. Piezas relativas a las actualizaciones de los magistrados procurador fiscal del Distrito Nacional y procurador general de la Corte de Apelación de Ciudad Trujillo-- |
| -- |
2. Interrogatorios hechos a los inculpados por el magistrado juez de instrucción de la primera circunscripción del Distrito Nacional -- |
| -- |
Suplementarios -- |
| -- |
índice onomástico. |
| 590 ## - NOTA LOCAL (RLIN) |
| Nota local |
Inventariado 2021 / MF |
| 600 10 - PUNTO DE ACCESO ADICIONAL DE MATERIA--NOMBRE DE PERSONA |
| Nombre de persona |
Trujillo Molina, Rafael Leónidas, |
| Fechas asociadas al nombre |
1891-1961 |
| 9 (RLIN) |
10869 |
| 650 14 - PUNTO DE ACCESO ADICIONAL DE MATERIA--TÉRMINO DE MATERIA |
| Término de materia o nombre geográfico como elemento de entrada |
Homicidio político |
| Subdivisión geográfica |
República Dominicana |
| 9 (RLIN) |
11383 |
| 651 10 - PUNTO DE ACCESO ADICIONAL DE MATERIA--NOMBRE GEOGRÁFICO |
| Nombre geográfico |
República Dominicana |
| Subdivisión general |
Política y gobierno |
| 9 (RLIN) |
45 |
| 700 12 - PUNTO DE ACCESO ADICIONAL--NOMBRE DE PERSONA |
| Nombre de persona |
Stanley, Avelino, |
| Fechas asociadas al nombre |
1959- |
| Término indicativo de función/relación |
ed. |
| 9 (RLIN) |
1536 |
| 710 1# - PUNTO DE ACCESO ADICIONAL--NOMBRE DE ENTIDAD CORPORATIVA |
| Nombre de entidad corporativa o nombre de jurisdicción como elemento de entrada |
República Dominicana |
| Unidad subordinada |
Comisión Permanente de Efemérides Patria |
| 9 (RLIN) |
45309 |
| 910 ## - DATOS DE OPCIÓN DEL USUARIO (OCLC) |
| Datos de opción del usuario |
Validado. Control de calidad MFF |
| 942 ## - ELEMENTOS DE PUNTO DE ACCESO ADICIONAL (KOHA) |
| Fuente del sistema de clasificación o colocación |
Dewey Decimal Classification |
| Tipo de ítem Koha |
Libro |